Name the Famous Dog - Statistics

General Stats
  • This quiz has been taken 30 times
  • The average score is 6 of 16
Answer Stats
Picture Answer % Correct
Scooby Doo
100%
Pluto
89%
Lassie
85%
Lady
81%
Beethoven
67%
Bolt
63%
Rin Tin Tin
41%
Laika
33%
Pongo
33%
Max
19%
Daisy
11%
Buck
7%
Balto
4%
Blondi
4%
Edgar
4%
Terry
4%
No matching quizzes found
Score Distribution
Percent of People with Each Score
Percentile by Number Answered
Your Score History
You have not taken this quiz